| 000 | 00931nam a22002897a 4500 | ||
|---|---|---|---|
| 003 | DO-SdBNP | ||
| 005 | 20260513100002.0 | ||
| 007 | ta | ||
| 008 | 220923b1949 |||||||e |||| 001 p spa d | ||
| 040 |
_aDO-SdBNP _bspa _cBNPHU |
||
| 041 | _hspa | ||
| 082 | 4 |
_222 _a861.4408 _bC117a |
|
| 100 | 1 | 0 |
_aCabral, Manuel del, _d1907-1999 _923556 |
| 245 | 1 | 0 |
_aAntología tierra 1930 -1949 / _cManuel del Cabral |
| 260 |
_aMadrid, España : _bEscelicer, _c1949. |
||
| 300 |
_a199 p. ; _c21 cm |
||
| 490 |
_a Poesía de España y América la Encina y el Mar _v2 |
||
| 500 | _aIncluye biografía del autor en portada. | ||
| 590 | _aInventariado,2022 / SA | ||
| 650 | 0 |
_aAntología poética _949370 |
|
| 650 | 0 |
_aAntología poética _949370 |
|
| 650 | 4 |
_aPoesía española _9631 |
|
| 650 | 0 |
_aAntología literaria _y1930 - 1949 _920495 |
|
| 650 | 0 |
_aPoesía dominicana _978060 |
|
| 650 | 0 |
_aLiteratura dominicana. _967 |
|
| 942 |
_2ddc _cLBS1 |
||
| 999 |
_c52455 _d52455 |
||